Tout les clubs de ligue 1 en 30 secondes. - Statistiques

Statistiques générales
  • Ce quiz a été pris 227 fois
  • Le résultat moyen est 5 sur 18
Statistiques - réponses
Classement Équipe % Correct
1 Psg
100%
2 Monaco
58%
3 Brest
50%
4 Lille
47%
5 Nice
34%
6 Lyon
33%
7 Lens
28%
8 Marseille
26%
9 Reims
16%
10 Rennes
14%
11 Toulouse
10%
18 Clermont
7%
17 Lorient
7%
16 Metz
7%
12 Montpellier
7%
13 Strasbourg
5%
15 Le Havre
4%
14 Nantes
4%
Aucun quiz correspondant
Distribution des résultats
% des personnes avec chaque résultat
Percentile par nombre de réponses
Votre historique - résultats
Vous n’avez pas pris ce quiz